<?xml version="1.0" encoding="UTF-8"?><?xml-stylesheet type="text/xsl" href="static/style.xsl"?><OAI-PMH xmlns="http://www.openarchives.org/OAI/2.0/" xmlns:xsi="http://www.w3.org/2001/XMLSchema-instance" xsi:schemaLocation="http://www.openarchives.org/OAI/2.0/ http://www.openarchives.org/OAI/2.0/OAI-PMH.xsd"><responseDate>2026-04-14T03:17:31Z</responseDate><request verb="GetRecord" identifier="oai:www.recercat.cat:10256/18727" metadataPrefix="marc">https://recercat.cat/oai/request</request><GetRecord><record><header><identifier>oai:recercat.cat:10256/18727</identifier><datestamp>2024-06-06T08:07:19Z</datestamp><setSpec>com_2072_452966</setSpec><setSpec>com_2072_2054</setSpec><setSpec>col_2072_452969</setSpec></header><metadata><record xmlns="http://www.loc.gov/MARC21/slim" xmlns:dcterms="http://purl.org/dc/terms/" xmlns:xsi="http://www.w3.org/2001/XMLSchema-instance" xmlns:doc="http://www.lyncode.com/xoai" xsi:schemaLocation="http://www.loc.gov/MARC21/slim http://www.loc.gov/standards/marcxml/schema/MARC21slim.xsd">
   <leader>00925njm 22002777a 4500</leader>
   <datafield ind2=" " ind1=" " tag="042">
      <subfield code="a">dc</subfield>
   </datafield>
   <datafield ind2=" " ind1=" " tag="720">
      <subfield code="a">Espejel Martínez, Marina</subfield>
      <subfield code="e">author</subfield>
   </datafield>
   <datafield ind2=" " ind1=" " tag="260">
      <subfield code="c">2019-06</subfield>
   </datafield>
   <datafield ind2=" " ind1=" " tag="520">
      <subfield code="a">En este trabajo se ha creído necesario realizar una investigación que profundizara en los verbos complejos, sobre todo después de reflexionar y ser consciente de la importancia de las características morfológicas y semánticas, además de la estructura argumental de los verbos deadjetivales y denominales. De esta manera, el docente podría ser más consciente de las posibles dificultades que pueden mostrar los aprendices de español como lengua extranjera que no presenten estructuras similares a las nuestras. Por este motivo, la investigación pretende exponer la gran polisemia de los diferentes patrones y profundizar en su análisis (sincrónico, pero sobre todo diacrónico). Los objetivos de este trabajo son, en primer lugar, dilucidar las asimetrías entre las formaciones deadjetivales y denominales. En segundo lugar, mostrar la complejidad morfológica, semántica, sintáctica y aspectual en todos los patrones. En tercer lugar, ilustrar las tendencias que se identifican en las estructuras argumentales y eventivas del verbo complejo desde una perspectiva histórica. En cuarto lugar, periodizar los patrones morfológicos de diversos procesos de verbalización del español. Y en quinto y último lugar comparar verbos corradicales</subfield>
   </datafield>
   <datafield ind2=" " ind1=" " tag="520">
      <subfield code="a">In this work, we have thought it necessary to carry out an investigation that would go deeper into complex verbs, especially after reflecting on and being aware of the importance of morphological and semantic characteristics. In this way, the teacher could be more aware of the possible difficulties that learners of Spanish as a foreign language may show when they do not have structures similar to ours. For this reason, the research aims to expose the great polysemy of the different patterns and to deepen its analysis (synchronic, but above all diachronic)</subfield>
   </datafield>
   <datafield ind1="8" ind2=" " tag="024">
      <subfield code="a">http://hdl.handle.net/10256/18727</subfield>
   </datafield>
   <datafield tag="653" ind2=" " ind1=" ">
      <subfield code="a">Gramàtica comparada i general -- Verb</subfield>
   </datafield>
   <datafield tag="653" ind2=" " ind1=" ">
      <subfield code="a">Grammar, Comparative and general -- Verb</subfield>
   </datafield>
   <datafield tag="653" ind2=" " ind1=" ">
      <subfield code="a">Llengua segona -- Adquisició</subfield>
   </datafield>
   <datafield tag="653" ind2=" " ind1=" ">
      <subfield code="a">Second language acquisition</subfield>
   </datafield>
   <datafield tag="653" ind2=" " ind1=" ">
      <subfield code="a">Castellà -- Ensenyament</subfield>
   </datafield>
   <datafield tag="653" ind2=" " ind1=" ">
      <subfield code="a">Spanish -- Study and teaching</subfield>
   </datafield>
   <datafield ind2="0" ind1="0" tag="245">
      <subfield code="a">Asimetrías entre verbos denominales y deadjetivales</subfield>
   </datafield>
</record></metadata></record></GetRecord></OAI-PMH>